00346 2200145 4500001002100000005001500021035002000036245004400056100001900100300001200119260003500131082000800166084001400174990001200188INLIS00000000000232820250528095105 a0010-05250006201 aOrang- Orang Terasing /cPamusuk Eneste0 aPamusuk Eneste a128 hlm aJakarta :bPustaka Jaya,c2002 a813 a813 PAM o a0712610